LIBRARY & INFORMATION CENTRE, KCAET, TAVANUR

ONLINE PUBLIC ACCESS CATALOGUE (OPAC)

Normal view MARC view
  • Vasudevan Nair, M K

Entry Personal Name

Number of records used in: 1

001 - CONTROL NUMBER

  • control field: 7297

003 - CONTROL NUMBER IDENTIFIER

  • control field: OSt

005 - DATE AND TIME OF LATEST TRANSACTION

  • control field: 20250315115301.0

008 - FIXED-LENGTH DATA ELEMENTS

  • fixed length control field: 250315|| aca||aabn | a|a d

040 ## - CATALOGING SOURCE

  • Original cataloging agency: OSt
  • Transcribing agency: OSt

100 ## - HEADING--PERSONAL NAME

  • Personal name: Vasudevan Nair, M K

670 ## - SOURCE DATA FOUND

  • Source citation: Work cat.: (OSt)10942: Vasudevan Nair, M K ., Workshop technology, Vol 1 / , 1975.
free website counter